An Introduction to Numerical Analysis (Record no. 598)

000 -LEADER
fixed length control field 00347 a2200121 4500
020 ## - INTERNATIONAL STANDARD BOOK NUMBER
International Standard Book Number 9788126518500
082 ## - DEWEY DECIMAL CLASSIFICATION NUMBER
Classification number 519.4 ATK
100 ## - MAIN ENTRY--PERSONAL NAME
Personal name Atkinson, Kendall E.
245 ## - TITLE STATEMENT
Title An Introduction to Numerical Analysis
Statement of responsibility, etc. Kendall E. Atkinson
250 ## - EDITION STATEMENT
Edition statement 2nd ed.
260 ## - PUBLICATION, DISTRIBUTION, ETC.
Place of publication, distribution, etc. UK :
Name of publisher, distributor, etc. John Wiley and Sons,
Date of publication, distribution, etc. 2004
300 ## - PHYSICAL DESCRIPTION
Extent xvi, 693p. :
Other physical details ill . ;
Dimensions 23 cm
650 ## - SUBJECT ADDED ENTRY--TOPICAL TERM
Topical term or geographic name entry element Numerical Analysis
Holdings
Withdrawn status Lost status Damaged status Not for loan Permanent Location Current Location Shelving location Date acquired Total Checkouts Full call number Barcode Date last seen Date last checked out Price effective from Koha item type
        School of Civil and Environmental Engineering (SCEE) School of Civil and Environmental Engineering (SCEE)     1 519.4 ATK NIT-6143 03/07/2024 10/17/2023 01/05/2017 Book
© 2023 Central Library, National University of Sciences and Technology. All Rights Reserved.